[Event "Asuncion Mayor op 2nd"]
[Site "Asuncion"]
[Date "2015.06.12"]
[Round "3"]
[White "Lipiniks, Leonardo"]
[Black "Rivas, Jose"]
[Result "1-0"]
[WhiteElo "1867"]
[BlackElo "1779"]
[PlyCount "55"]
[EventDate "2015.06.12"]
[EventType "swiss"]
[EventRounds "7"]
[EventCountry "PAR"]
[SourceTitle "EXT 2017"]
[Source "ChessBase"]
[SourceDate "2016.10.25"]
[SourceVersion "1"]
[SourceVersionDate "2016.10.25"]
[SourceQuality "1"]

1. d4 Nf6 2. c4 g6 3. Nf3 Bg7 4. Nc3 0-0 5. e3 d6 6. Be2 c6 7. 0-0 Qc7 8. b3 Bf5 9. Bb2 Nbd7 10. Nh4 Be6 11. d5 Bf5 12. Nxf5 gxf5 13. Qd3 e6 14. Rac1 Ne5 15. Qb1 Qe7 16. Rfd1 Kh8 17. Rd2 a6 18. Rcd1 Rad8 19. Ba3 c5 20. b4 b6 21. bxc5 bxc5 22. dxe6 fxe6 23. Qb6 Neg4 24. Bxg4 Nxg4 25. Bxc5 Bxc3 26. Rxd6 Rxd6 27. Bxd6 Qd8 28. Be5+ 1-0

[Event "Asuncion Mayor op 2nd"]
[Site "Asuncion"]
[Date "2015.06.12"]
[Round "1"]
[White "Medina, Carlos Fermin"]
[Black "Rivas, Jose"]
[Result "0-1"]
[WhiteElo "1403"]
[BlackElo "1779"]
[PlyCount "46"]
[EventDate "2015.06.12"]
[EventType "swiss"]
[EventRounds "7"]
[EventCountry "PAR"]
[SourceTitle "EXT 2017"]
[Source "ChessBase"]
[SourceDate "2016.10.25"]
[SourceVersion "1"]
[SourceVersionDate "2016.10.25"]
[SourceQuality "1"]

1. b4 e5 2. Bb2 d6 3. e4 Be6 4. Nf3 Be7 5. Be2 Nf6 6. Nc3 Nc6 7. b5 Nd4 8. Bd3 Bg4 9. h3 Nxf3+ 10. gxf3 Be6 11. Ne2 Nh5 12. c4 Bg5 13. Qc2 Nf4 14. Nxf4 Bxf4 15. 0-0-0 0-0 16. Rdg1 a6 17. a4 axb5 18. axb5 c6 19. Kd1 cxb5 20. cxb5 Qb6 21. Ke2 Rfc8 22. Bc3 Ra2 23. Qd1 Rxc3 0-1

[Event "PAR-ch Mayor"]
[Site "Asuncion"]
[Date "2012.05.13"]
[Round "4.10"]
[White "Rivas, Jose"]
[Black "Zarate, Fernandoh"]
[Result "1-0"]
[WhiteElo "1766"]
[BlackElo "1720"]
[PlyCount "71"]
[EventDate "2012.05.04"]
[EventType "swiss"]
[EventRounds "9"]
[EventCountry "PAR"]
[SourceTitle "EXT 2023"]
[Source "ChessBase"]
[SourceDate "2022.10.05"]
[SourceVersion "1"]
[SourceVersionDate "2022.10.05"]
[SourceQuality "1"]

1. e4 c6 2. d3 d5 3. Nd2 e6 4. Ngf3 Ne7 5. g3 Nd7 6. Bg2 Ng6 7. 0-0 Be7 8. Re1 0-0 9. h4 Bc5 10. h5 Ne7 11. e5 Qb6 12. Qe2 Nf5 13. Nf1 Nd4 14. Qd2 Qc7 15. N1h2 f6 16. exf6 Rxf6 17. Nxd4 Bxd4 18. Nf3 Bb6 19. d4 Rh6 20. Qe2 Rf6 21. Bg5 Rf7 22. Bh3 Nf6 23. Bf4 Qe7 24. Ne5 Rf8 25. c3 Ne4 26. Qg4 c5 27. Rad1 Ba5 28. f3 Nf6 29. Qh4 cxd4 30. h6 g6 31. Qg5 dxc3 32. Nxg6 hxg6 33. Bd6 Qf7 34. Rxe6 Nh7 35. Rxg6+ Kh8 36. Be5+ 1-0

[Event "Asuncion Prieto Memorial op"]
[Site "Asuncion"]
[Date "2011.01.13"]
[Round "8"]
[White "Rivas, Jose"]
[Black "Roman, Rodrigo"]
[Result "0-1"]
[WhiteElo "1775"]
[BlackElo "1960"]
[PlyCount "58"]
[EventDate "2011.01.06"]
[EventType "swiss"]
[EventRounds "9"]
[EventCountry "PAR"]
[SourceTitle "EXT 2012"]
[Source "ChessBase"]
[SourceDate "2011.11.24"]
[SourceVersion "1"]
[SourceVersionDate "2011.11.24"]
[SourceQuality "1"]

1. e4 c5 2. Nf3 e6 3. d3 Nc6 4. g3 Nf6 5. Bg2 d5 6. Nbd2 Be7 7. 0-0 b6 8. Re1 Bb7 9. e5 Nd7 10. c3 Qc7 11. d4 cxd4 12. cxd4 Nb4 13. Re3 Qc2 14. Qe2 Ba6 15. Qe1 Qg6 16. Rc3 Nc2 17. Qd1 Nxa1 18. Qa4 Bc8 19. Bf1 0-0 20. Bb5 Nb8 21. Rc7 Bg5 22. Nxg5 Qxg5 23. Rxa7 Rxa7 24. Qxa7 Qg4 25. Qa4 Na6 26. Bxa6 Bxa6 27. f3 Qg6 28. Qxa6 Qc2 29. Qf1 Rc8 0-1

[Event "Asuncion Prieto Memorial op"]
[Site "Asuncion"]
[Date "2011.01.10"]
[Round "5"]
[White "Aquino, Carlos"]
[Black "Rivas, Jose"]
[Result "0-1"]
[WhiteElo "1745"]
[BlackElo "1775"]
[PlyCount "76"]
[EventDate "2011.01.06"]
[EventType "swiss"]
[EventRounds "9"]
[EventCountry "PAR"]
[SourceTitle "EXT 2012"]
[Source "ChessBase"]
[SourceDate "2011.11.24"]
[SourceVersion "1"]
[SourceVersionDate "2011.11.24"]
[SourceQuality "1"]

1. e4 e5 2. Nf3 Nc6 3. Bb5 a6 4. Ba4 b5 5. Bb3 Nf6 6. 0-0 Bc5 7. c3 d6 8. d4 exd4 9. cxd4 Bb6 10. Bd5 Nxd5 11. exd5 Ne7 12. Nc3 0-0 13. Bg5 Qd7 14. Bxe7 Qxe7 15. Re1 Qf6 16. h3 Bd7 17. Ne4 Qg6 18. Ng3 Rfe8 19. Qd2 h6 20. Rxe8+ Rxe8 21. Re1 Rxe1+ 22. Qxe1 Kf8 23. a3 Qd3 24. Qc1 Ba5 25. b4 Bb6 26. Qf4 Qxa3 27. Qh4 Qxb4 28. Qd8+ Be8 29. Kh2 Qb1 30. Nh4 Bxd4 31. Ngf5 Bf6 32. Qxc7 Qb4 33. g3 Qc5 34. Qb8 Bxh4 35. Nxd6 Qxf2+ 36. Kh1 Qf1+ 37. Kh2 Qe2+ 38. Kg1 Bxg3 0-1

[Event "Asuncion Prieto Memorial op"]
[Site "Asuncion"]
[Date "2011.01.06"]
[Round "1"]
[White "Riline Orso, Alejandro"]
[Black "Rivas, Jose"]
[Result "1-0"]
[WhiteElo "2218"]
[BlackElo "1775"]
[PlyCount "41"]
[EventDate "2011.01.06"]
[EventType "swiss"]
[EventRounds "9"]
[EventCountry "PAR"]
[SourceTitle "EXT 2012"]
[Source "ChessBase"]
[SourceDate "2011.11.24"]
[SourceVersion "1"]
[SourceVersionDate "2011.11.24"]
[SourceQuality "1"]

1. e4 c5 2. Nf3 d6 3. d4 cxd4 4. Nxd4 Nf6 5. Nc3 a6 6. Bc4 e6 7. Bb3 Be7 8. f4 Nc6 9. Be3 Bd7 10. Qf3 Nxd4 11. Bxd4 Bc6 12. 0-0-0 Qc7 13. g4 0-0 14. f5 e5 15. Be3 h6 16. h4 Kh7 17. g5 Ng8 18. f6 gxf6 19. gxh6 Bd7 20. Rhg1 Be6 21. Qg3 1-0

[Event "Asuncion Preclasificatorio Mayor"]
[Site "Asuncion"]
[Date "2010.04.28"]
[Round "7"]
[White "Rivas, Jose"]
[Black "Bustos, Sebastian"]
[Result "0-1"]
[WhiteElo "1775"]
[BlackElo "1805"]
[PlyCount "68"]
[EventDate "2010.04.05"]
[EventType "swiss"]
[EventRounds "9"]
[EventCountry "PAR"]
[SourceTitle "EXT 2023"]
[Source "ChessBase"]
[SourceDate "2022.10.05"]
[SourceVersion "1"]
[SourceVersionDate "2022.10.05"]
[SourceQuality "1"]

1. e4 c5 2. Nf3 Nc6 3. d4 cxd4 4. Nxd4 e6 5. Be3 a6 6. Nc3 Nf6 7. f3 Qc7 8. Qd2 Bb4 9. a3 Ba5 10. g4 h6 11. 0-0-0 Ne5 12. h4 Nexg4 13. Bf4 Bxc3 14. Bxc7 Bxd2+ 15. Rxd2 Ne3 16. Bd3 b5 17. b3 d5 18. e5 Nh5 19. Re1 Nf5 20. Bxf5 exf5 21. Bd6 Be6 22. b4 Kd7 23. Nb3 Nf4 24. Nc5+ Kc6 25. Rg1 Rhg8 26. Rh2 a5 27. Kd2 axb4 28. axb4 Ra3 29. Rhh1 g6 30. Nb3 Rga8 31. Nd4+ Kb7 32. Nxb5 Ra2 33. Nd4 R8a3 34. Rb1 Rd3+ 0-1

[Event "Asuncion Preclasificatorio Mayor"]
[Site "Asuncion"]
[Date "2010.04.21"]
[Round "4"]
[White "Toledo, Orlando"]
[Black "Rivas, Jose"]
[Result "0-1"]
[WhiteElo "1784"]
[BlackElo "1775"]
[PlyCount "116"]
[EventDate "2010.04.05"]
[EventType "swiss"]
[EventRounds "9"]
[EventCountry "PAR"]
[SourceTitle "EXT 2023"]
[Source "ChessBase"]
[SourceDate "2022.10.05"]
[SourceVersion "1"]
[SourceVersionDate "2022.10.05"]
[SourceQuality "1"]

1. e4 c5 2. Ne2 e6 3. d4 cxd4 4. Nxd4 Nf6 5. Nc3 d6 6. g4 Be7 7. g5 Nfd7 8. h4 Nc6 9. Be3 a6 10. Qd2 Qc7 11. Bg2 Nce5 12. 0-0 Nc4 13. Qc1 Nxe3 14. Qxe3 Ne5 15. Nce2 h6 16. f4 hxg5 17. fxe5 dxe5 18. Nb3 gxh4 19. Qf3 Bf6 20. Nc3 Bd7 21. Qe3 0-0-0 22. Rad1 Kb8 23. Rf2 Rdg8 24. Bf1 Bc6 25. Nc5 Qe7 26. Nxa6+ bxa6 27. Qb6+ Qb7 28. Qxa6 Qxa6 29. Bxa6 Rd8 30. Bd3 Rd7 31. Rdf1 Rf8 32. Kg2 Bg5 33. Kh3 f6 34. Ne2 Rb7 35. b3 Rd8 36. Rd1 Bxe4 37. Bxe4 Rxd1 38. Bxb7 Kxb7 39. Nc3 Rd2 40. Rxd2 Bxd2 41. Ne4 Be1 42. Nc5+ Kc6 43. Nxe6 g5 44. Ng7 e4 45. Nf5 Bd2 46. Kg4 e3 47. Kf3 h3 48. c4 Kc5 49. Ng3 Kd4 50. Ke2 g4 51. a3 Ke5 52. b4 f5 53. b5 f4 54. Nh1 f3+ 55. Kd1 f2 56. Ke2 Ba5 57. c5 Kd5 58. b6 Kxc5 0-1